000 00877cam a2200241 4500
001 L129351
008 000000n2005 000 0 eng u
022 _a0952-4053
035 _a(Sirsi) u129351
041 _aeng
050 _a690.24
_c18
110 _aBuilding Maintenance Information
_93229
245 _aBMI quarterly cost briefing
_bbuilding maintenance costs
260 _aLondon
_bRICS
_c2005
300 _a32p.
_b30cm.
490 _aBMI Quarterly Cost Briefing
_v340
490 0 _aBMI Quarterly Cost Briefing
_v342
490 0 _aBMI Quarterly Cost Briefing
_v344
490 0 _aBMI Quarterly Cost Briefing
_v346
520 _aThis item is part of a subscription service and cannot be photocopied. Neither can any part of it be read over the phone. Please contact BMI direct on t +44 (0)20 7695 1500 for details.
690 _aRefurbishment
_96264
942 _n0
999 _c104150
_d104150